[Event "URU-chTA"]
[Site "Montevideo"]
[Date "2021.10.02"]
[Round "2.3"]
[White "Zoppolo, Cedric"]
[Black "Nicolas Giacusa, Sergio Leonel"]
[Result "0-1"]
[WhiteElo "1523"]
[BlackElo "2068"]
[PlyCount "50"]
[EventDate "2021.10.01"]
[EventType "team-swiss"]
[EventRounds "5"]
[EventCountry "URU"]
[SourceTitle "EXT 2023"]
[Source "ChessBase"]
[SourceDate "2022.10.05"]
[SourceVersion "1"]
[SourceVersionDate "2022.10.05"]
[SourceQuality "1"]
[WhiteTeam "Udelar"]
[BlackTeam "Solis de Pando"]
[WhiteTeamCountry "URU"]
[BlackTeamCountry "URU"]

1. d4 d5 2. Nf3 Nf6 3. Bf4 c5 4. e3 Nc6 5. Bb5 Qa5+ 6. Nc3 Ne4 7. Bxc6+ bxc6 8. 0-0 Bg4 9. dxc5 Nxc3 10. Qd2 Qxc5 11. bxc3 Bxf3 12. gxf3 e6 13. Qd4 f6 14. Qxc5 Bxc5 15. Bc7 Bb6 16. Bd6 Kd7 17. Ba3 Rab8 18. Rfd1 Ba5 19. c4 Bb4 20. Bc1 Bc3 21. cxd5 cxd5 22. e4 Bxa1 23. Bf4 Be5 24. Bxe5 fxe5 25. exd5 exd5 0-1

[Event "URU-ch sf"]
[Site "Montevideo"]
[Date "2014.02.28"]
[Round "1"]
[White "Zoppolo, Cedric"]
[Black "Izquierdo, Sebastian"]
[Result "0-1"]
[WhiteElo "1605"]
[BlackElo "2026"]
[PlyCount "76"]
[EventDate "2014.02.28"]
[EventType "swiss"]
[EventRounds "9"]
[EventCountry "URU"]
[SourceTitle "CBM 159 Extra"]
[Source "ChessBase"]
[SourceDate "2014.04.24"]
[SourceVersion "1"]
[SourceVersionDate "2014.04.24"]
[SourceQuality "1"]

1. c4 e5 2. Nc3 f5 3. e3 Nf6 4. Nf3 Nc6 5. a3 d6 6. b4 g6 7. Qa4 Bd7 8. b5 e4 9. Nd4 Nxd4 10. exd4 Bg7 11. c5 dxc5 12. dxc5 a6 13. c6 bxc6 14. bxc6 Be6 15. Bc4 Nd5 16. Qa5 Nf4 17. Bxe6 Nxe6 18. Rb1 0-0 19. Qd5 Qxd5 20. Nxd5 Rfd8 21. Ne3 Rd6 22. 0-0 Rxc6 23. a4 Rd8 24. Rb4 Nf4 25. Rc4 Rxc4 26. Nxc4 Rd4 27. Nb2 Ne2+ 28. Kh1 Rb4 29. Re1 Bxb2 30. Bxb2 Rxb2 31. f3 exf3 32. gxf3 Rxd2 33. Rb1 Nf4 34. Rb8+ Kg7 35. h4 Kh6 36. Ra8 Kh5 37. Rxa6 Kxh4 38. a5 Kg3 0-1

[Event "URU-chTB"]
[Site "Punta del Este"]
[Date "2013.08.17"]
[Round "2.63"]
[White "Visillac, Alejandro"]
[Black "Zoppolo, Cedric"]
[Result "1-0"]
[WhiteElo "1796"]
[BlackElo "1613"]
[PlyCount "131"]
[EventDate "2013.08.16"]
[EventType "team-swiss"]
[EventRounds "5"]
[EventCountry "URU"]
[SourceTitle "EXT 2018"]
[Source "ChessBase"]
[SourceDate "2017.10.13"]
[SourceVersion "1"]
[SourceVersionDate "2017.10.13"]
[SourceQuality "1"]

1. e4 e5 2. Nf3 Nc6 3. Bb5 Nge7 4. c3 g6 5. d4 exd4 6. cxd4 Bg7 7. 0-0 0-0 8. Nc3 d6 9. h3 Bd7 10. Bg5 Qc8 11. d5 Bxc3 12. bxc3 Ne5 13. Bxd7 Qxd7 14. Nxe5 dxe5 15. Qf3 Qd6 16. Bf6 Rfe8 17. c4 Nc8 18. Rac1 c5 19. dxc6 Qxc6 20. Rfd1 Nd6 21. Rd5 Nxc4 22. Bxe5 Nxe5 23. Qf4 Qe6 24. Rc7 b6 25. Rxe5 Qxa2 26. Rd5 Rf8 27. Rdd7 a5 28. Rb7 Qb3 29. h4 a4 30. h5 a3 31. Ra7 Rxa7 32. Rxa7 Qb2 33. h6 f6 34. Qc7 Qa1+ 35. Kh2 Qe5+ 36. Qxe5 fxe5 37. Rxa3 Rxf2 38. Rb3 Rf6 39. Rb5 Re6 40. Kg3 Kf7 41. Kg4 Kf6 42. Rd5 Ke7 43. Kg5 Ke8 44. Kg4 Ke7 45. Kh4 Ke8 46. g4 Ke7 47. g5 Ke8 48. Kg4 Re7 49. Kf3 Kf7 50. Ke3 Ke6 51. Rb5 Rb7 52. Kd3 Kd6 53. Rd5+ Ke6 54. Kc4 b5+ 55. Rxb5 Rxb5 56. Kxb5 Kd6 57. Kb6 Kd7 58. Kc5 Ke6 59. Kc6 Kf7 60. Kd7 Kf8 61. Ke6 Ke8 62. Kxe5 Ke7 63. Kd5 Kd8 64. Kd6 Ke8 65. Ke6 Kf8 66. Kd7 1-0

[Event "Latin Cup"]
[Site "Montevideo"]
[Date "2011.11.07"]
[Round "8"]
[White "Zoppolo, Cedric"]
[Black "Villareal, Julio"]
[Result "1/2-1/2"]
[WhiteElo "1744"]
[BlackElo "1942"]
[PlyCount "96"]
[EventDate "2011.11.01"]
[EventType "swiss"]
[EventRounds "9"]
[EventCountry "URU"]
[SourceTitle "EXT 2012"]
[Source "ChessBase"]
[SourceDate "2011.11.24"]
[SourceVersion "1"]
[SourceVersionDate "2011.11.24"]
[SourceQuality "1"]

1. c4 b5 2. cxb5 a6 3. e4 axb5 4. a4 Bb7 5. Qc2 Nc6 6. Bxb5 Nd4 7. Qd3 e5 8. Nf3 Nxb5 9. Qxb5 Bxe4 10. Qxe5+ Qe7 11. Qxe7+ Bxe7 12. Nd4 Bd3 13. Nc3 c6 14. Nde2 Nf6 15. 0-0 0-0 16. Re1 Bc5 17. Nf4 Ba6 18. d3 g5 19. Nh3 h6 20. Ne4 Nxe4 21. dxe4 Rfe8 22. Kh1 f5 23. Be3 Bxe3 24. fxe3 fxe4 25. Nf2 h5 26. a5 Rab8 27. Rab1 Rb5 28. b4 g4 29. Red1 Rf5 30. Kg1 d5 31. Rbc1 Re6 32. Rd2 Ref6 33. g3 Rf3 34. Re1 Kf8 35. Ra2 Ke7 36. Rc2 Kd7 37. Ra2 Kc7 38. Rc2 Kb7 39. Rb2 Bb5 40. Kg2 Ka6 41. Rc2 Bc4 42. Nd1 Rf8 43. Nc3 Bf1+ 44. Kg1 Bh3 45. Rcc1 Rf2 46. Kh1 Bg2+ 47. Kg1 Rb2 48. Rb1 Rff2 1/2-1/2

[Event "Latin Cup"]
[Site "Montevideo"]
[Date "2011.11.04"]
[Round "5"]
[White "Ferrari, Carlos"]
[Black "Zoppolo, Cedric"]
[Result "0-1"]
[WhiteElo "1888"]
[BlackElo "1744"]
[PlyCount "84"]
[EventDate "2011.11.01"]
[EventType "swiss"]
[EventRounds "9"]
[EventCountry "URU"]
[SourceTitle "EXT 2012"]
[Source "ChessBase"]
[SourceDate "2011.11.24"]
[SourceVersion "1"]
[SourceVersionDate "2011.11.24"]
[SourceQuality "1"]

1. f4 Nf6 2. Nf3 d5 3. g3 e6 4. Bg2 Nbd7 5. 0-0 Bd6 6. Nc3 Nb6 7. h3 Bd7 8. d3 c5 9. Qe1 Bc6 10. Bd2 d4 11. Nd1 Nbd5 12. c3 0-0 13. Rc1 Qb6 14. cxd4 cxd4 15. a3 a5 16. Kh1 Rfe8 17. Qf2 e5 18. fxe5 Bxe5 19. Nxe5 Rxe5 20. Be4 Rf8 21. Bf3 Rfe8 22. Rc4 Ne3 23. Bxe3 dxe3 24. Qg2 Bd5 25. Rf4 Be6 26. d4 Rg5 27. b4 axb4 28. axb4 Bc8 29. d5 Ree5 30. g4 Qd6 31. h4 Rg6 32. Nb2 Rh5 33. Rc4 Rxh4+ 34. Kg1 Bd7 35. Rfc1 h5 36. g5 Rxg5 37. Rxh4 Rxg2+ 38. Bxg2 Qg3 39. Rhc4 Ng4 40. Rxg4 Bxg4 41. Nd3 Bxe2 42. Rc8+ Kh7 0-1